Szczegóły MARC21

Elementy filozofii. T. 1 /

003 -Nazwa inst., której nr kontr. jest w polu 001 [,]
    • @
    • Nazwa instytucji, której n kontrolny jest w polu 001
    • NUKAT
005 -DATA I CZAS OSTATNIEJ MODYFIKACJI [,]
    • @
    • pole kontrolne
    • 20241231105833.0
040 -Instytucja sporządzająca opis [ , ]
    • a
    • Instytucja, która sporządziła opis (NP)
    • TOR U/AP
    • c
    • Instytucja, która sporządziła rekord (NP)
    • TOR U/AP
    • d
    • Instytucja, która zmodyfikowała rekord (P)
    • TOR U/AP
    • d
    • Instytucja, która zmodyfikowała rekord (P)
    • GD 015/EOs
    • d
    • Instytucja, która zmodyfikowała rekord (P)
    • KR 119/ET
    • d
    • Instytucja, która zmodyfikowała rekord (P)
    • GD U/ISS
041 -Język dokumentu [1, ]
    • a
    • Język tekstu (P)
    • polski
    • h
    • Język tekstu oryginalnego i/lub pośredniego (P)
    • łaciński
942 -Rodzaj dokumentu [ , ]
    • c
    • Rodzaj dokumentu
    • Książka
100 -Hasło główne - nazwa osobowa [1, ]
    • a
    • Nazwa osobowa (NP)
    • Hobbes, Thomas
    • d
    • Daty biograficzne (NP)
    • (1588-1679).
    • 9
    • KHW
    • 237671
240 -Tytuł ujednolicony [1,0]
    • a
    • Tytuł ujednolicony
    • Elementa philosophiae
    • l
    • Język tekstu
    • (pol.)
    • 9
    • KHW
    • 447640
245 -Strefa tytułu i oznaczenia odpowiedzialności [1,0]
    • a
    • Tytuł
    • Elementy filozofii. Find
    • n
    • Oznaczenie części (P)
    • T. 1 /
    • c
    • Pozostałe elementy strefy tytułu i oznaczenia odpowiedzialności (NP)
    • Tomasz Hobbes ; z oryg. łac. przeł. i słowem od tł. poprzedził Czesław Znamierowski. Rzecz o fizyce Hobbesa / dodał Armin Teske.
260 -Strefa adresu wydawniczego [ , ]
    • a
    • Miejsce wydania (P)
    • [Warszawa] :
    • b
    • Nazwa wydawcy (P)
    • Państwowe Wydawnictwo Naukowe,
    • c
    • Data wydania (P)
    • 1956.
300 -Strefa opisu fizycznego [ , ]
    • a
    • Określenie formy książki i/lub objętość (NP)
    • XII, 575, [2] s., [1] k. portr. :
    • b
    • Oznaczenie ilustracji (NP)
    • il. ;
    • c
    • Format (NP)
    • 20 cm.
336 -Typ zawartości [ , ]
    • a
    • Termin opisujący typ zawartości
    • Tekst
    • b
    • Kod określający zawartość
    • txt
    • 2
    • Źródło (terminu i kodu)
    • rdacontent
337 -Typ mediów [ , ]
    • a
    • Tryb odtwarzania
    • Bez urządzenia pośredniczącego
    • b
    • Kod typu mediów
    • n
    • 2
    • Źródło (terminu i kodu)
    • rdamedia
338 -Typ/rodzaj nośnika [ , ]
    • a
    • Hasło opisujące typ nośnika
    • Wolumin
    • b
    • Kod typu nośnika
    • nc
    • 2
    • Źródło (terminu i kodu)
    • rdacarrier
490 -Strefa serii i książki wielotomowej - forma nie do wyszukiwania [1, ]
    • a
    • Tytuł (P)
    • Biblioteka Klasyków Filozofii Find
830 -Hasło dodatkowe serii i opisu książki wielotomowej - tytuł ujednolicony/tytuł [ ,0]
    • a
    • Tytuł ujednolicony/tytuł (NP)
    • Biblioteka Klasyków Filozofii
    • 9
    • KHW
    • 10303
080 -Uniwersalna Klasyfikacja Dziesiętna [ , ]
    • 2
    • Identyfikator wydania tablic
    • UDC-P022
    • a
    • Symbol klasyfikacji
    • 122/129
    • b
    • Dopowiedzenie
    • Metafizyka szczegółowa. Przyczynowość. Przyczyna sprawcza. Warunek. Skutek. Wolność i konieczność. Determinizm, indeterminizm. Ład, porządek. Teleologia. Celowość. Przyczyna celowa. Wartość. Norma. Przeznaczenie. Skończoność. Nieskończoność i nieograniczoność. Dusza. Istota życia i śmierci. Wędrówka dusz. Inkarnacja. Reinkarnacja. Nieśmiertelność.
080 -Uniwersalna Klasyfikacja Dziesiętna [ , ]
    • 2
    • Identyfikator wydania tablic
    • UDC-P022
    • a
    • Symbol klasyfikacji
    • 130.2
    • b
    • Dopowiedzenie
    • Filozofia kultury. Systemy kultury.
650 -Hasło przedmiotowe [ ,7]
    • a
    • Hasło przedmiotowe
    • Antropologia filozoficzna.
    • 2
    • Źródło terminu
    • kaba
    • 9
    • KHW
    • 101457
650 -Hasło przedmiotowe [ ,7]
    • a
    • Hasło przedmiotowe
    • Filozofia przyrody.
    • 2
    • Źródło terminu
    • kaba
    • 9
    • KHW
    • 108764
980 -Symbol UKD [ , ]
    • a
    • UKD
    • 122/129:130.2
700 -Hasło dodatkowe - nazwa osobowa [1, ]
    • a
    • Nazwa osobowa (NP)
    • Znamierowski, Czesław Find
    • d
    • Daty biograficzne (NP)
    • (1888-1967).
    • e
    • Określenie rodzaju współpracy
    • Tł.
    • 9
    • KHW
    • 12547
700 -Hasło dodatkowe - nazwa osobowa [1,2]
    • a
    • Nazwa osobowa (NP)
    • Teske, Armin Find
    • d
    • Daty biograficzne (NP)
    • (1910-1967).
    • t
    • Tytuł ujednolicony/tytuł (NP)
    • Rzecz o fizyce Hobbesa Find
    • 9
    • KHW
    • 447638
700 -Hasło dodatkowe - nazwa osobowa [1, ]
    • a
    • Nazwa osobowa (NP)
    • Teske, Armin Find
    • d
    • Daty biograficzne (NP)
    • (1910-1967).
    • 9
    • KHW
    • 347768
710 -Hasło dodatkowe - nazwa ciała zbiorowego [2, ]
    • a
    • Nazwa ciała zbiorowego lub nazwa geograficzna jako pierwszy element (NP)
    • Państwowe Wydawnictwo Naukowe (1951-1992).
    • 4
    • Kod relacji
    • pbl
    • 9
    • KHW
    • 52048
Uwagi nie widoczne w OPAC Lokalizacja Data inwentaryzacji Status udost. Numer inwentarzowy Obwoluta Sygnatura
T. 1-2 na jednym numerze inwentarzowym E.4129BE 1E.4129 E.4129
 BG -3SN.24408  
 BG -3SN.24410  
 BG -3SN.7954  
 BG2004-07-151Pd.16214 Pd.16214/1
 BNS 1F.1332  
 BNS2007-08-28-3H.162311